[Event "World Cup U14 Prel"]
[Site "Tornelo INT"]
[Date "2021.08.11"]
[Round "1"]
[White "Ajith, Aayush"]
[Black "Mahtani, Rohit"]
[Result "1-0"]
[WhiteElo "1770"]
[BlackElo "1189"]
[PlyCount "91"]
[EventDate "2021.08.11"]
[EventType "swiss (rapid)"]
[EventRounds "10"]
[EventCountry "NET"]
[SourceTitle "EXT 2025"]
[Source "ChessBase"]
[SourceDate "2024.10.14"]
[SourceVersion "1"]
[SourceVersionDate "2024.10.14"]
[SourceQuality "1"]

1. d4 d5 2. c4 Nc6 3. cxd5 Qxd5 4. Nf3 e5 5. Nc3 Bb4 6. Bd2 Bxc3 7. Bxc3 e4 8. Ne5 Nxe5 9. dxe5 Ne7 10. e3 Be6 11. Qa4+ Bd7 12. Qc2 Nc6 13. Rd1 Qe6 14. Qxe4 0-0-0 15. Bc4 Qe7 16. 0-0 f5 17. Qd5 Be6 18. Qxe6+ Qxe6 19. Bxe6+ Kb8 20. Rxd8+ Rxd8 21. Bxf5 g6 22. Bc2 Re8 23. f4 Ne7 24. Rd1 Nf5 25. Bxf5 gxf5 26. Rd7 Kc8 27. Rxh7 Rd8 28. e6 Re8 29. e7 Kd7 30. g4 fxg4 31. f5 Rxe7 32. Rxe7+ Kxe7 33. f6+ Kf7 34. Kg2 c5 35. Kg3 b5 36. Kxg4 b4 37. Be5 c4 38. h4 a5 39. h5 a4 40. a3 bxa3 41. bxa3 Kf8 42. Bc3 Kf7 43. Kf5 Kf8 44. Kg6 Kg8 45. f7+ Kf8 46. Bb4# 1-0

[Event "American World Cup Q Prelim"]
[Site "Tornelo INT"]
[Date "2021.05.09"]
[Round "6"]
[White "Mahtani, Rohit"]
[Black "Munoz Monroy, Cinthya Carolina"]
[Result "0-1"]
[WhiteElo "1189"]
[BlackElo "1969"]
[PlyCount "118"]
[EventDate "2021.05.08"]
[EventType "swiss (rapid)"]
[EventRounds "9"]
[EventCountry "USA"]
[SourceTitle "CBM 202 Extra"]
[Source "ChessBase"]
[SourceDate "2021.07.31"]
[SourceVersion "1"]
[SourceVersionDate "2021.07.31"]
[SourceQuality "1"]

1. e4 d5 2. Nf3 dxe4 3. Ng5 Nf6 4. d3 Nc6 5. Nxe4 Nxe4 6. dxe4 Qxd1+ 7. Kxd1 Bg4+ 8. f3 0-0-0+ 9. Bd3 Bh5 10. Nc3 Ne5 11. Ke2 e6 12. Be3 c5 13. g4 Bg6 14. Bf4 Nc6 15. Rad1 Nd4+ 16. Kf2 a6 17. Ne2 Nc6 18. a3 f6 19. Bc4 Bf7 20. Rxd8+ Nxd8 21. e5 b5 22. Bd3 c4 23. Be4 Bc5+ 24. Kg2 h5 25. g5 f5 26. Bd3 cxd3 27. cxd3 Kb7 28. Rc1 Bb6 29. Bd2 Nc6 30. f4 Rd8 31. Rc3 Nd4 32. Nc1 Be8 33. Be3 Bc6+ 34. Kg3 Ne2+ 35. Nxe2 Bxe3 36. h4 Bd2 37. Rb3 Bd5 38. Rb4 Bxb4 39. axb4 Bb3 40. Nc1 Bc2 41. Na2 Rxd3+ 42. Kf2 Rh3 43. Nc3 Rxh4 44. Ne2 Bd1 45. Nd4 Rxf4+ 46. Ke3 Re4+ 47. Kd3 Rxe5 48. Kd2 Rd5 49. Ke3 Bg4 50. Nxe6 Re5+ 51. Kf4 Re4+ 52. Kg3 Rxe6 53. b3 Re3+ 54. Kg2 h4 55. g6 h3+ 56. Kg1 Re2 57. Kf1 Rb2 58. Kg1 h2+ 59. Kh1 Bf3# 0-1

[Event "American World Cup Q Prelim"]
[Site "Tornelo INT"]
[Date "2021.05.08"]
[Round "3"]
[White "Lage, Pedro Ferreira"]
[Black "Mahtani, Rohit"]
[Result "1-0"]
[WhiteElo "2123"]
[BlackElo "1189"]
[PlyCount "91"]
[EventDate "2021.05.08"]
[EventType "swiss (rapid)"]
[EventRounds "9"]
[EventCountry "USA"]
[SourceTitle "CBM 202 Extra"]
[Source "ChessBase"]
[SourceDate "2021.07.31"]
[SourceVersion "1"]
[SourceVersionDate "2021.07.31"]
[SourceQuality "1"]

1. Nf3 Nc6 2. d4 d5 3. g3 Nf6 4. Bg2 Bg4 5. 0-0 Qd7 6. Ne5 Nxe5 7. dxe5 Ng8 8. Qxd5 Qxd5 9. Bxd5 0-0-0 10. Bf3 Bxf3 11. exf3 g6 12. Nc3 Bg7 13. f4 f6 14. Re1 Nh6 15. Be3 Nf7 16. exf6 exf6 17. Rad1 a6 18. Nd5 Rhe8 19. c4 f5 20. b3 Nd6 21. Bc5 Ne4 22. Be7 Rd7 23. f3 Nc3 24. Bf6 Rxe1+ 25. Rxe1 Bxf6 26. Nxf6 Rd8 27. Nxh7 Nxa2 28. Ng5 Nb4 29. Nf7 Rf8 30. Ne5 Rg8 31. h4 Nc2 32. Rd1 c5 33. Rd6 Nd4 34. Rxg6 Nxf3+ 35. Kg2 Rxg6 36. Nxg6 Nd4 37. h5 Ne6 38. h6 Nd8 39. Ne5 Ne6 40. h7 b5 41. h8Q+ Kc7 42. Qe8 Nd4 43. Qd7+ Kb6 44. Qd8+ Kb7 45. cxb5 axb5 46. b4 1-0

[Event "Nizami Ganjavi 880 years U17"]
[Site "Tornelo INT"]
[Date "2021.04.03"]
[Round "6.12"]
[White "Hasanli, Rza"]
[Black "Mahtani, Rohit"]
[Result "0-1"]
[WhiteElo "1247"]
[BlackElo "1189"]
[PlyCount "108"]
[EventDate "2021.04.02"]
[EventType "team-swiss (blitz)"]
[EventRounds "9"]
[EventCountry "AZE"]
[SourceTitle "EXT 2023"]
[Source "ChessBase"]
[SourceDate "2022.10.05"]
[SourceVersion "1"]
[SourceVersionDate "2022.10.05"]
[SourceQuality "1"]
[WhiteTeam "Nakhchivan"]
[BlackTeam "Jamaica"]
[WhiteTeamCountry "AZE"]
[BlackTeamCountry "JAM"]

1. e4 e5 2. Nf3 Nc6 3. d4 exd4 4. Nxd4 Qh4 5. Qd3 Nf6 6. Nd2 Nb4 7. Qf3 d5 8. Bd3 Nxd3+ 9. Qxd3 dxe4 10. Qe2 Bg4 11. Qb5+ Bd7 12. Qxb7 Rc8 13. 0-0 Bc5 14. N2b3 Bb6 15. Qa6 0-0 16. Qe2 Ng4 17. Bf4 Qf6 18. Be3 Qd6 19. g3 Nxe3 20. fxe3 Bh3 21. Rf2 c5 22. Nf5 Qe6 23. Nh4 c4 24. Nd4 Bxd4 25. exd4 Rcd8 26. Qe3 Qb6 27. c3 f5 28. Ng2 Bg4 29. Nh4 Qe6 30. Kg2 Rb8 31. h3 Bh5 32. Kh2 g6 33. Ng2 Bf3 34. Nh4 Bh5 35. Re1 Qd5 36. Ng2 Bf3 37. Nh4 Bh5 38. Ref1 Qd6 39. Kg2 Rbe8 40. Kh2 Rb8 41. Ng2 Rf6 42. Kh1 Rbf8 43. Nf4 Kh8 44. Nxh5 gxh5 45. Kg2 Qe6 46. Rf4 Rg8 47. Kh2 Rfg6 48. Rg1 Qb6 49. Rh4 Qxb2+ 50. Rg2 Qb8 51. Rxh5 f4 52. Qxe4 fxg3+ 53. Kh1 Qb1+ 54. Rg1 Qxe4+ 0-1

[Event "Nizami Ganjavi 880 years U17"]
[Site "Tornelo INT"]
[Date "2021.04.03"]
[Round "4.9"]
[White "Olano Feria, Leonal Isaac"]
[Black "Mahtani, Rohit"]
[Result "1-0"]
[WhiteElo "1733"]
[BlackElo "1189"]
[PlyCount "67"]
[EventDate "2021.04.02"]
[EventType "team-swiss (blitz)"]
[EventRounds "9"]
[EventCountry "AZE"]
[SourceTitle "EXT 2023"]
[Source "ChessBase"]
[SourceDate "2022.10.05"]
[SourceVersion "1"]
[SourceVersionDate "2022.10.05"]
[SourceQuality "1"]
[WhiteTeam "Cuba Masters"]
[BlackTeam "Jamaica"]
[WhiteTeamCountry "CUB"]
[BlackTeamCountry "JAM"]

1. e4 e5 2. Nf3 Nc6 3. Bb5 a6 4. Ba4 g6 5. 0-0 Bg7 6. c3 Nge7 7. d4 exd4 8. cxd4 b5 9. Bb3 d6 10. Nc3 Na5 11. Bc2 0-0 12. b3 f5 13. Re1 f4 14. Bb2 Bg4 15. Nb1 c5 16. e5 dxe5 17. dxe5 Qc7 18. Nc3 Rad8 19. Qe2 Nf5 20. Bxf5 Rxf5 21. Rad1 Re8 22. Nd5 Qc6 23. Qe4 Bxf3 24. Qxf3 Bxe5 25. Bxe5 Rfxe5 26. Rxe5 Rxe5 27. h3 Qe6 28. Kh2 g5 29. Nc7 Qb6 30. Qa8+ Kf7 31. Rd7+ Kg6 32. Qg8+ Kf5 33. Qxh7+ Kf6 34. Qf7# 1-0